New Zealand... or Australia? - Statistics

General Stats
  • This quiz has been taken 590 times
  • The average score is 10 of 15
Answer Stats
Question Answer % Correct
Has more inhabitants Australia
100%
Is larger in size Australia
100%
Its currency is called a "dollar" Both
88%
The distance between North and South Islands is greater than the distance between mainland Australia and Tasmania False
88%
Has a higher mountain New Zealand
88%
The kiwi bird can be found here outside of captivity New Zealand
88%
Auckland is closer to Sydney than Perth is True
88%
Had the earlier major gold rush Australia
75%
ANZAC (Australia and NZ Army Corp) Day is a public holiday honouring servicemen, observed on 25 April Both
63%
Has had more female Prime Ministers New Zealand
63%
Once entered the summer Olympics as part of a combined team called Australasia Both
38%
Wallabies can be found here outside of captivity Both
38%
Have identical flags except for Australia having a 5th large "Commonwealth Star" False
38%
It has more than one time zone Both
25%
It has won more summer Olympic gold medals per capita New Zealand
25%
No matching quizzes found
Score Distribution
Percent of People with Each Score
Percentile by Number Answered
Your Score History
You have not taken this quiz